000 00342nam a2200145Ia 4500
008 230917s9999||||xx |||||||||||||| ||und||
040 _e162002
_aMAIN
041 _aEnglish
082 _aB N315N:A
100 _aNehru, Jawahar Lal
245 0 _aAankho dekha roos
260 _aDelhi
_bNavyoug Publishers
300 _a128 p.
942 _cHN
999 _c213744
_d213744